| 000 | 00632nam a2200217Ia 4500 | ||
|---|---|---|---|
| 005 | 20250508163057.0 | ||
| 008 | 008 250505s9999 xx 000 0 eng d | ||
| 020 | _a0-340-23609-4 | ||
| 037 | _aTextual | ||
| 040 |
_aFEDL _beng _cFEDL |
||
| 041 |
_aeng _2eng |
||
| 084 |
_a375, ALA _qFEDL |
||
| 100 |
_aAl-Afendi Muhammad Hamid Ed. _9774668 |
||
| 245 | 0 | _aCurriculum and teacher education | |
| 260 |
_aJeddah _bKing Abdulaziz University _c1980 |
||
| 300 | _aviii,212p | ||
| 490 | _aIslamic education series | ||
| 700 |
_a Baloch Nabi Ahmed Ed. _9774669 |
||
| 942 |
_cTEXL _h375, ALA |
||
| 999 |
_c1380684 _d1380684 |
||